书目信息 |
| 题名: |
臭椿生理生态学特性及在混交造林中的应用
|
|
| 作者: | 曹兵 著 | |
| 分册: | ||
| 出版信息: | 银川 阳光出版社 2012.4 |
|
| 页数: | 252页 | |
| 开本: | 26cm | |
| 丛书名: | ||
| 单 册: | ||
| 中图分类: | S792.32.02 , S792.32.08 | |
| 科图分类: | ||
| 主题词: | 臭椿--生理生态学--研究 , 臭椿--应用--混交林--造林 , 臭椿 , 生理生态学 , 混交林 , 造林 | |
| 电子资源: | ||
| ISBN: | 978-7-5525-0042-4 | |
| 000 | 01215nam0 2200313 450 | |
| 001 | 0400001778 | |
| 005 | 20171019155831.0 | |
| 010 | @a978-7-5525-0042-4@dCNY58.00 | |
| 100 | @a20120930d2012 em y0chiy50 ea | |
| 101 | 0 | @achi |
| 102 | @aCN@b640000 | |
| 105 | @ay z 000yy | |
| 106 | @ar | |
| 200 | 1 | @a臭椿生理生态学特性及在混交造林中的应用@9chou chun sheng li sheng tai xue te xing ji zai hun jiao zao lin zhong de ying yong@dEcophysiological characteristic of ailanthus altissima and its application in mixed afforestation@f曹兵著@zeng |
| 210 | @a银川@c阳光出版社@d2012.4 | |
| 215 | @a252页@d26cm | |
| 330 | @a本书论述与分析了臭椿种子萌发期抗逆生理特征与不同种源种子生物学特性、臭椿苗期与幼龄植株光合生理特性、臭椿苗期抗旱生理特性等内容。 | |
| 510 | 1 | @aEcophysiological characteristic of ailanthus altissima and its application in mixed afforestation@zeng |
| 606 | 0 | @a臭椿@x生理生态学@x研究 |
| 606 | 0 | @a臭椿@x应用@x混交林@x造林 |
| 606 | 0 | @a臭椿 |
| 606 | 0 | @a生理生态学 |
| 606 | 0 | @a混交林 |
| 606 | 0 | @a造林 |
| 690 | @aS792.32.02@v5 | |
| 690 | @aS792.32.08@v5 | |
| 701 | 0 | @a曹兵@9cao bing@f(1970~)@4著 |
| 801 | 0 | @aCN@b91MARC@c20171019 |
| 905 | @b1030626-30@dS792.32.02@f5@e102 | |
| 臭椿生理生态学特性及在混交造林中的应用=Ecophysiological characteristic of ailanthus altissima and its application in mixed afforestation/曹兵著.-银川:阳光出版社,2012.4 |
| 252页;26cm |
| ISBN 978-7-5525-0042-4:CNY58.00 |
| 本书论述与分析了臭椿种子萌发期抗逆生理特征与不同种源种子生物学特性、臭椿苗期与幼龄植株光合生理特性、臭椿苗期抗旱生理特性等内容。 |
| ● |
| 相关链接 |
|
|
|
|
正题名:臭椿生理生态学特性及在混交造林中的应用
索取号:S792.32.02/102
 
预约/预借
| 序号 | 登录号 | 条形码 | 馆藏地/架位号 | 状态 | 备注 |
| 1 | 1030626 | 210306266 | 第二样本阅览室/ [索取号:S792.32.02/102] | 在馆 | |
| 2 | 1030627 | 210306275 | 第三借阅区/ [索取号:S792.32.02/102] | 在馆 | |
| 3 | 1030628 | 210306284 | 第三借阅区/ [索取号:S792.32.02/102] | 在馆 | |
| 4 | 1030629 | 210306293 | 第三借阅区/ [索取号:S792.32.02/102] | 在馆 | |
| 5 | 1030630 | 210306300 | 密集书库-生命科学系/ [索取号:S792.32.02/102] | 在馆 |